Countries of my world - Statistics

General Stats
  • This quiz has been taken 11 times
  • The average score is 32 of 114
Answer Stats
Answer % Correct
Vatica
67%
Yeti
67%
Alkainia
33%
Anchorage
33%
Anna
33%
Arcadia
33%
Arcania
33%
Badlands
33%
Birchsley
33%
Blastia
33%
Boltia
33%
Boombia
33%
Centra
33%
Chalksley
33%
Checka
33%
Clocksley
33%
Cobblecove
33%
Courtney
33%
Darkia
33%
Enchantia
33%
Falka
33%
Globa
33%
Glossia
33%
Golshenstan
33%
Grana
33%
Kalahari
33%
Kingsley
33%
Kongia
33%
Kongsley
33%
Lordia
33%
Monsong
33%
Monsoon Islands
33%
New Archia
33%
Norfolkia
33%
North Glassland
33%
North Yeman
33%
Oaksley
33%
Orbica
33%
Orbsley
33%
Oslo
33%
People Of Angi
33%
Plutonia
33%
Poetra
33%
Poetvillage
33%
Pogo Islands
33%
Polsha
33%
Protonia
33%
Rainia
33%
Ruinia
33%
Saint Marley
33%
Saint Marshall
33%
Saint Martain
33%
Shallatia
33%
Shellia
33%
Shellshove
33%
Slavia
33%
South Glassland
33%
Stallia
33%
Svoley
33%
Tobotah
33%
Trickari
33%
Utrex
33%
Vica
33%
Welsha
33%
Wesley
33%
West Angi
33%
West Zingia
33%
Wildra
33%
Yatsong
33%
Yecoast
33%
Yefu
33%
Yefume
33%
Yekon
33%
Yekong
33%
Yeland
33%
Yelume
33%
Yeman
33%
Yemar
33%
Yeni
33%
Yenistan
33%
Yerab
33%
Yerain
33%
Yeram
33%
Yeran
33%
Yeraq
33%
Yerobe
33%
Yeroot
33%
Yesam
33%
Yetron
33%
Yogima
33%
Yoshi
33%
Zeman
33%
Zingia
33%
Artis and Nautica
0%
Beachia
0%
Cageria Islands
0%
Chainia
0%
Freetown
0%
Goldia
0%
Grassland
0%
Oshewi
0%
Peaceland
0%
Saint Marcus
0%
Saint Max
0%
Toga
0%
Yagostan
0%
Yamaha
0%
Yamusha
0%
Yebook
0%
Yegoat
0%
Yemonk
0%
Yemustan
0%
Yesun
0%
Yetomb
0%
No matching quizzes found
Score Distribution
Percent of People with Each Score
Percentile by Number Answered
Your Score History
You have not taken this quiz